Normal view
MARC view
Entry Personal Name
001 - CONTROL NUMBER
- control field: 30551
003 - CONTROL NUMBER IDENTIFIER
- control field: dpl
005 - DATE AND TIME OF LATEST TRANSACTION
- control field: 20110729155053.0
008 - FIXED-LENGTH DATA ELEMENTS
- fixed length control field: 110729|||a|||||| | ||| d
040 ## - CATALOGING SOURCE
- Original cataloging agency: dpl
- Transcribing agency: dpl
100 ## - HEADING--PERSONAL NAME
- Personal name: Pasricha, Ram Nath
670 ## - SOURCE DATA FOUND
- Source citation: Work cat.: (dpl)54362: Pasricha, Ram Nath , Himalayan travels:, 2009(repr.)
670 ## - SOURCE DATA FOUND
- Source citation: Work cat.: (dpl)54362: Pasricha, Ram Nath , Himalayan travels:, 2009(repr.)
